000
00300nam a2200121Ia 4500
005
20251222153644.0
008
251222s9999||||xx |||||||||||||| ||spa||
020
_a
968-451-066-7
082
_a
519.5/S75T
100
_a
"Spiegel, Murray"
245
0
_a
TeorÃa y problemas de estadÃstica
942
_c
LIB
999
_c
32846
_d
32846